Online
Catalog

El duelo : (Record no. 21898)

MARC details
000 -CABECERA
campo de control de longitud fija 01882nam a2200289 a 4500
001 - NÚMERO DE CONTROL
campo de control 000022400
003 - IDENTIFICADOR DEL NÚMERO DE CONTROL
campo de control OSt
005 - FECHA Y HORA DE LA ÚLTIMA TRANSACCIÓN
campo de control 20250526114442.0
008 - DATOS DE LONGITUD FIJA--INFORMACIÓN GENERAL
campo de control de longitud fija 101007s2002 dr a 000 0 spa d
020 ## - NÚMERO INTERNACIONAL ESTÁNDAR DEL LIBRO
Número Internacional Estándar del Libro 9993488615
040 ## - FUENTE DE LA CATALOGACIÓN
Centro catalogador/agencia de origen DO-SdBNP
Lengua de catalogación spa
Centro/agencia transcriptor BNPHU
082 ## - NÚMERO DE LA CLASIFICACIÓN DECIMAL DEWEY
Número de clasificación 155.937
Número de documento/Ítem B828c
100 1# - ENTRADA PRINCIPAL--NOMBRE DE PERSONA
Nombre de persona Brea Franco, Rosa Mariana
9 (RLIN) 46192
245 13 - MENCIÓN DE TÍTULO
Título El duelo :
Resto del título un camino hacia la transformación /
Mención de responsabilidad, etc. Rosa Mariana Brea Franco ; prólogo Lino Romero.
260 ## - PUBLICACIÓN, DISTRIBUCIÓN, ETC.
Lugar de publicación, distribución, etc. Santo Domingo :
Nombre del editor, distribuidor, etc. Edición Gisela Vargas y Asociados,
Fecha de publicación, distribución, etc. 2002.
Nombre del editor, distribuidor, etc. il.
300 ## - DESCRIPCIÓN FÍSICA
Extensión 272 p. ;
Dimensiones 26 cm.
500 ## - NOTA GENERAL
Nota general Incluye datos biográficos de la autora en la solapa de la cubierta.
505 0# - NOTA DE CONTENIDO CON FORMATO
Nota de contenido con formato El significado de las crisis --El proceso de duelo -- El duelo al microscopio -- Teoría que sustenta al duelo -- Factores que influencian al duelo - Factor social -- Diferencias masculinas y femeninas en el duelo - El factor tiempo en el duelo -- Diferentes tipos de muertes -- ¿Quién muere? -- La muerte del conyugue -- La muerte de los padres - La muerte de un hijo -- La muerte de un hermano o hermana - La importancia del funeral - Los niños y el proceso del duelo - El enfermo terminal - Otras pérdidas significativas - La crisis del divorcio -- ¿Como explicarles a los niños de divorcio ?-- La ayuda psicológica -- Conclusión.Factores que influencian al duelo -- Diferentes tipos de muertes -- ¿Quién muere? -- La importancia del funeral -- Los niños y el proceso de duelo -- El enfermo terminal -- Otras perdidas significativas -- La crisis del divorcio -- La ayuda psicológica -- Conclusión.
590 ## - NOTA LOCAL (RLIN)
Nota local Inventariado, 2018/LP
650 #0 - PUNTO DE ACCESO ADICIONAL DE MATERIA--TÉRMINO DE MATERIA
Término de materia o nombre geográfico como elemento de entrada Duelo
9 (RLIN) 46193
650 #4 - PUNTO DE ACCESO ADICIONAL DE MATERIA--TÉRMINO DE MATERIA
Término de materia o nombre geográfico como elemento de entrada Muerte
9 (RLIN) 11503
650 #0 - PUNTO DE ACCESO ADICIONAL DE MATERIA--TÉRMINO DE MATERIA
Término de materia o nombre geográfico como elemento de entrada Pérdida (Psicología)
9 (RLIN) 46194
650 #4 - PUNTO DE ACCESO ADICIONAL DE MATERIA--TÉRMINO DE MATERIA
Término de materia o nombre geográfico como elemento de entrada Divorcio
Subdivisión general Aspectos psicológicos
9 (RLIN) 46195
700 12 - PUNTO DE ACCESO ADICIONAL--NOMBRE DE PERSONA
Nombre de persona Romero, Lino,
Término indicativo de función/relación pról.
9 (RLIN) 46196
910 ## - DATOS DE OPCIÓN DEL USUARIO (OCLC)
Datos de opción del usuario Validado. Control de calidad MFF
942 ## - ELEMENTOS DE PUNTO DE ACCESO ADICIONAL (KOHA)
Fuente del sistema de clasificación o colocación Dewey Decimal Classification
Tipo de ítem Koha Libro
Holdings
Estado de retiro Estado de pérdida Fuente del sistema de clasificación o colocación Restricciones de uso No para préstamo Código de colección Localización permanente Ubicación/localización actual Ubicación en estantería Fecha de adquisición Total de préstamos Signatura topográfica completa Código de barras Fecha visto por última vez Número de copia Precio válido a partir de Tipo de ítem Koha Fuente de adquisición
    Dewey Decimal Classification Préstamo en sala   Dominicana de Servicio Biblioteca Nacional Pedro Henríquez Ureña General Depósito 07.10.2010   BNPHU DS 155.937 B828c 22400-30 25.06.2020 e. 3 25.06.2020 Libro y Folleto Colección Dominicana de Servicio  
    Dewey Decimal Classification Excluido de préstamo Excluido de préstamo Patrimonio Dominicano Biblioteca Nacional Pedro Henríquez Ureña Patrimonio Dominicano Depósito 07.10.2010   BNPHU PD 155.937 B828c 22400-10 25.06.2020   25.06.2020 Libro y Folleto Colección Patrimonio Dominicano  
    Dewey Decimal Classification Excluido de préstamo Préstamo restrigido Patrimonio Dominicano Biblioteca Nacional Pedro Henríquez Ureña Patrimonio Dominicano Depósito 07.10.2010   BNPHU PD 155.937 B828c 22400-20 25.06.2020 e.2 25.06.2020 Libro y Folleto Colección Patrimonio Dominicano  
    Dewey Decimal Classification Préstamo en sala   Dominicana de Servicio Biblioteca Nacional Pedro Henríquez Ureña Patrimonio Dominicano Depósito 05.03.2020   BNPHU DS 155.937 B828c 2021-0431 24.02.2021 e.4 24.02.2021 Libro y Folleto Colección Dominicana de Servicio Donado por Lourdes Delgado

Powered by Koha